[Event "Challenge"]
[Site "http://www.queenalice.com/game.php?id=1531974"]
[Date "2018.6.20"]
[Round "-"]
[White "Guilhermerocha"]
[Black "korchnoi"]
[Result "0-1"]
[WhiteElo "1728"]
[BlackElo "1802"]

1. e4 c5 2. Bc4 e6 3. Qf3 Nc6 4. Ne2 Nf6 5. O-O Ne5 6. Qb3 Nxc4 7. Qxc4 d5 8.
exd5 Nxd5 9. Re1 Be7 10. d4 cxd4 11. Nxd4 O-O 12. Rd1 Bf6 13. Ne2 Qe7 14. Rd3
Bd7 15. Bh6 Bxb2 16. Bxg7 Bxg7 17. Rg3 Qf6 18. c3 Bc6 19. Nd2 a6 20. Ne4 Qh6 21.
Rh3 Qg6 22. Rg3 Qf5 23. Rg5 Nb6 24. Qd4 e5 25. Qxb6 Qxe4 26. Nc1 Qe1# 0-1

[Event "Challenge"]
[Site "http://www.queenalice.com/game.php?id=1531975"]
[Date "2018.6.20"]
[Round "-"]
[White "korchnoi"]
[Black "Guilhermerocha"]
[Result "1/2-1/2"]
[WhiteElo "1815"]
[BlackElo "1715"]

1. d4 c5 2. dxc5 Nc6 3. e4 e5 4. Nf3 Bxc5 5. Bd3 d5 6. exd5 Qxd5 7. O-O e4 8.
Bxe4 Qxd1 9. Rxd1 Be6 10. Bxc6+ bxc6 11. Nc3 Ne7 12. Bf4 O-O 13. Ne4 Bb6 14. Bd6
Rfe8 15. b3 Nf5 16. Ng3 Nxd6 17. Rxd6 Bd5 18. c4 Bxf3 19. gxf3 c5 20. Rad1 Bc7
21. Rd7 Bxg3 22. fxg3 g6 23. f4 a5 24. R1d2 a4 25. Rc7 axb3 26. axb3 Ra3 27.
Rxc5 Rxb3 28. Rc7 Ree3 1/2-1/2

[Event "Challenge"]
[Site "http://www.queenalice.com/game.php?id=1531986"]
[Date "2018.6.20"]
[Round "-"]
[White "Guilhermerocha"]
[Black "korchnoi"]
[Result "0-1"]
[WhiteElo "1762"]
[BlackElo "1768"]

1. d4 d5 2. c4 dxc4 3. e4 e5 4. d5 Nf6 5. Nc3 Be7 6. Bxc4 O-O 7. Nf3 Nbd7 8. Bg5
Nc5 9. Qc1 Nfxe4 10. Bxe7 Qxe7 11. Nxe4 Nxe4 12. Qe3 Qb4+ 13. Nd2 Nxd2 14. Qxd2
Qxc4 15. Rc1 Qe4+ 16. Kd1 Qxg2 17. Kc2 Bf5+ 18. Kb3 a5 19. a4 Qf3+ 20. Ka2 Rfd8
21. Rhd1 Be6 22. Rc3 Bxd5+ 23. Ka1 Qf6 24. Rxc7 Bc6 25. Qe2 Rxd1+ 26. Qxd1 Qxf2
27. Qh5 Qf1+ 28. Ka2 Bd5+ 29. Ka3 Qd3+ 30. Rc3 Qg6 31. Qxe5 Bc6 32. Rg3 Qh6 33.
b3 Re8 34. Qc7 Qe6 35. Qxa5 Qd6+ 36. Qb4 Qd1 37. Qg4 Qa1+ 38. Kb4 Re4+ 39. Qxe4
Bxe4 40. Re3 Qd4+ 0-1

[Event "Challenge"]
[Site "http://www.queenalice.com/game.php?id=1531987"]
[Date "2018.6.20"]
[Round "-"]
[White "korchnoi"]
[Black "Guilhermerocha"]
[Result "1-0"]
[WhiteElo "1812"]
[BlackElo "1741"]

1. e4 a6 2. Bc4 e6 3. d4 d5 4. exd5 exd5 5. Bd3 b5 6. Nf3 Bg4 7. Nc3 Bb4 8. Bd2
Nc6 9. Qe2+ Nge7 10. O-O-O Bxf3 11. Qxf3 Nxd4 12. Qe3 Bc5 13. Qg5 g6 14. Rde1
Ne6 15. Qf6 Bd4 16. Qh4 Nc5 17. Rxe7+ Qxe7 18. Re1 Ne6 19. Bg5 f6 20. Bh6 f5 21.
Qh3 Bxf2 22. Re2 Qh4 23. Rxe6+ Kf7 24. Bxf5 Qxh3 25. Bxh3 Rad8 26. Re2 Bd4 27.
Be6+ Kf6 28. Nxd5+ Rxd5 29. Bxd5 g5 30. c3 Be5 31. h4 Bf4+ 32. Kb1 Rd8 33. Bb3
Rd2 34. hxg5+ Kg6 35. Re6+ Kf5 36. Rxa6 Bxg5 37. Bxg5 Kxg5 38. Rc6 Rd7 39. g4
Rg7 40. Be6 Rg6 41. Rc5+ Kf4 42. Bf5 Rg7 43. Rxb5 h5 44. Rb4+ Kg5 45. a4 h4 46.
Re4 h3 47. Re1 Kf4 48. Bc8 h2 49. Bb7 Rxg4 50. Re4+ Kg3 51. Rxg4+ Kxg4 52. a5
1-0

[Event "Challenge"]
[Site "http://www.queenalice.com/game.php?id=1532054"]
[Date "2018.6.21"]
[Round "-"]
[White "Lapoule"]
[Black "Guilhermerocha"]
[Result "1-0"]
[WhiteElo "1958"]
[BlackElo "1709"]

1. e4 c5 2. Nc3 Nc6 3. Bc4 Nf6 4. d3 e6 5. Nf3 d5 6. exd5 exd5 7. Bb3 Be7 8. O-O
Bg4 9. h3 Bh5 10. Ba4 O-O 11. Re1 Re8 12. Bf4 Bd6 13. Bxd6 Bxf3 14. Qxf3 Rxe1+
15. Rxe1 Qxd6 16. Nb5 Qd7 17. c4 dxc4 18. dxc4 Qd2 19. Re2 Qc1+ 20. Kh2 Qxc4 21.
Nc3 Rb8 22. Bxc6 bxc6 23. Qxc6 Qf4+ 24. g3 Qb4 25. Ne4 Rb6 26. Nxf6+ gxf6 27.
Re8+ Kg7 28. Qa8 f5 29. Qd8 f4 30. Rg8+ 1-0

[Event "Challenge"]
[Site "http://www.queenalice.com/game.php?id=1532055"]
[Date "2018.6.21"]
[Round "-"]
[White "Guilhermerocha"]
[Black "Lapoule"]
[Result "1-0"]
[WhiteElo "1704"]
[BlackElo "1985"]

1. e4 e6 2. d4 d5 3. Bd3 Qf6 4. Nf3 Qe7 5. Bf4 Qb4+ 6. Nc3 Qa5 7. Nd2 Nf6 8. Nb3
Qb6 9. Na4 Qb4+ 10. Nc3 dxe4 11. a3 Qb6 12. Nxe4 Be7 13. Nxf6+ Bxf6 14. Be3 Qd6
15. Qf3 Nc6 16. O-O-O a6 17. Rhe1 h6 18. Bf4 Nxd4 19. Nxd4 e5 20. Nf5 Qe6 21.
Bxe5 Bxe5 22. Nxg7+ Bxg7 23. Rxe6+ fxe6 24. Bg6+ Ke7 25. Qf7# 1-0

[Event "Challenge"]
[Site "http://www.queenalice.com/game.php?id=1532560"]
[Date "2018.6.25"]
[Round "-"]
[White "Guilhermerocha"]
[Black "JoseMessias"]
[Result "0-1"]
[WhiteElo "1623"]
[BlackElo "1712"]

1. a3 Nc6 2. b4 Nf6 3. Bb2 d5 4. Nf3 e5 5. Nxe5 Nxe5 6. Bxe5 Ng4 7. Bd4 b6 8. e4
dxe4 9. Be2 Qxd4 10. Bxg4 Qxa1 11. O-O Qe5 12. Re1 Bd6 13. g3 Bxg4 14. Qxg4 O-O
15. Rxe4 Qa1 16. Qd1 Qf6 17. Nc3 a5 18. Nd5 Qf5 19. Ne7+ Bxe7 20. Rxe7 axb4 21.
Qa1 Rxa3 22. Qb2 Qf6 23. Qxb4 Ra1+ 24. Kg2 Qc6+ 25. Kh3 Qxc2 26. Qf4 Qg6 27.
Qxc7 Qf5+ 28. Kg2 Qd5+ 29. Kh3 g5 30. Re5 Qxd2 31. Qxb6 Rf1 32. Qf6 Rxf2 33.
Rxg5+ Qxg5 34. Qxg5+ Kh8 35. Qe5+ f6 36. Qc5 Rxh2+ 37. Kxh2 Kg7 38. Qe7+ Rf7 39.
Qe2 f5 40. Qh5 Rf6 41. Kh3 Rh6 42. Qxh6+ Kxh6 43. Kg2 Kg5 44. Kf3 h5 45. Kg2 Kg4
46. Kh2 h4 47. gxh4 Kxh4 48. Kg2 Kg4 49. Kf2 f4 50. Kg2 f3+ 51. Kf2 Kf4 52. Kg1
Ke3 53. Kf1 Kf4 54. Kf2 Ke4 55. Ke1 Ke3 56. Kf1 Kf4 0-1

[Event "Challenge"]
[Site "http://www.queenalice.com/game.php?id=1532561"]
[Date "2018.6.25"]
[Round "-"]
[White "JoseMessias"]
[Black "Guilhermerocha"]
[Result "0-1"]
[WhiteElo "1741"]
[BlackElo "1604"]

1. e4 d5 2. e5 Bf5 3. Nf3 c5 4. Nc3 e6 5. d4 Nc6 6. Nh4 Nxd4 7. Bd3 Bxd3 8. cxd3
Qxh4 9. Qa4+ Kd8 10. g3 Nf3+ 11. Ke2 Qxa4 12. Nxa4 Nd4+ 13. Kd1 c4 14. Be3 Nf5
15. Bg5+ f6 16. exf6 gxf6 17. Bf4 Bh6 18. g4 Bxf4 19. gxf5 e5 20. Nc5 b5 21.
dxc4 bxc4 22. Ne6+ Ke7 23. Rg1 Bxh2 24. Rg7+ Kd6 25. b3 c3 26. Kc2 d4 27. Rh1
Bf4 28. a4 a5 29. Rb7 Ne7 30. Rh5 Nxf5 31. Rb6+ Kd5 32. Rxf5 Ke4 33. Rxf6 h5 34.
Nxf4 exf4 35. Rfe6+ Kf3 36. Rbd6 Rhd8 37. Rxd8 Rxd8 38. Re5 Kxf2 39. Rxh5 d3+
40. Kxc3 d2 41. Rh2+ Ke3 42. Rh1 d1=Q 43. Rxd1 Rxd1 44. Kc4 f3 45. Kb5 f2 46.
Kxa5 f1=Q 47. b4 Rd6 48. b5 Qe1# 0-1

[Event "Challenge"]
[Site "http://www.queenalice.com/game.php?id=1532603"]
[Date "2018.6.25"]
[Round "-"]
[White "Guilhermerocha"]
[Black "korchnoi"]
[Result "0-1"]
[WhiteElo "1750"]
[BlackElo "1840"]

1. a3 e5 2. b4 d6 3. Bb2 Nf6 4. d4 exd4 5. Qxd4 Be7 6. Nf3 O-O 7. Ng5 Nc6 8. Qd3
Ne5 9. Bxe5 dxe5 10. e4 c6 11. Nd2 Bg4 12. h3 Bh5 13. g4 Bg6 14. h4 Nxg4 15. Qg3
Bxg5 16. hxg5 Qxg5 17. f3 Qe3+ 18. Be2 Rfd8 19. Rd1 Nf6 20. Qxe5 Re8 21. Qh2 Re5
22. Qxe5 Qxa3 23. f4 Re8 24. Qa5 Qg3+ 25. Kf1 Qxf4+ 26. Bf3 Nxe4 27. Nxe4 Qxf3+
28. Kg1 Qxd1+ 29. Kg2 Qxc2+ 30. Kf1 Bxe4 31. Qxa7 Bxh1 0-1

[Event "Challenge"]
[Site "http://www.queenalice.com/game.php?id=1532604"]
[Date "2018.6.25"]
[Round "-"]
[White "korchnoi"]
[Black "Guilhermerocha"]
[Result "1-0"]
[WhiteElo "1933"]
[BlackElo "1705"]

1. e4 d5 2. exd5 Qxd5 3. Nf3 Bg4 4. d4 Bxf3 5. gxf3 e5 6. Bd3 exd4 7. Na3 Bxa3
8. bxa3 c5 9. Be4 Qe6 10. O-O Nf6 11. Bxb7 Rg8 12. Re1 Nbd7 13. Rxe6+ fxe6 14.
Bxa8 g5 15. Qe1 e5 16. Bc6 g4 17. Qxe5+ Kd8 18. Qe6 Re8 19. Bxd7 Rxe6 20. Bxe6
Kc7 21. Bxg4 Nd5 22. Bg5 Nc3 23. Bf5 h5 24. f4 Nb5 25. Bg6 Nxa3 26. Bxh5 Nxc2
27. Rc1 d3 28. f5 c4 29. f6 Kd6 30. f7 Nd4 31. f8=Q+ Kd5 32. Qf7+ Kd6 33. Qxc4
Ne2+ 34. Bxe2 dxe2 35. Qd4+ Ke6 36. Qxa7 e1=Q+ 37. Rxe1+ Kd5 38. h4 Kc6 39. Re6+
Kd5 40. Qd7+ Kc5 41. Rc6+ Kb5 42. Qb7+ 1-0

[Event "Challenge"]
[Site "http://www.queenalice.com/game.php?id=1532605"]
[Date "2018.6.25"]
[Round "-"]
[White "Guilhermerocha"]
[Black "betofortaleza"]
[Result "0-1"]
[WhiteElo "1738"]
[BlackElo "1846"]

1. e4 e5 2. b3 Nf6 3. Nc3 Nc6 4. Bb5 Nd4 5. Bc4 d6 6. d3 Ng4 7. Nce2 Qh4 8. g3
Qf6 9. Be3 Nf3+ 10. Nxf3 Qxf3 11. Qd2 Qxh1+ 12. Ng1 Qxg1+ 0-1

[Event "Challenge"]
[Site "http://www.queenalice.com/game.php?id=1532606"]
[Date "2018.6.25"]
[Round "-"]
[White "betofortaleza"]
[Black "Guilhermerocha"]
[Result "1-0"]
[WhiteElo "1882"]
[BlackElo "1609"]

1. e4 e6 2. e5 d6 3. f4 dxe5 4. fxe5 Qh4+ 5. g3 Qe4+ 6. Qe2 Qxh1 7. Nf3 Bc5 8.
d3 Bd7 9. Bg5 Bc6 10. Nbd2 Nd7 11. O-O-O Bxf3 12. Nxf3 Nxe5 13. Nxe5 Qd5 14. Bg2
Qxa2 15. Qf3 f6 16. Qxb7 Qa1+ 17. Kd2 Qa5+ 18. Ke2 Rd8 19. Nc6 Qb6 20. Nxd8 Qxb7
21. Nxb7 Bb6 22. Bc6+ Kf7 23. Be3 Ne7 24. Bf3 Nf5 25. Bxb6 axb6 26. c3 Rb8 27.
Ra1 Ne7 28. Ra4 Ng6 29. Rb4 Ne5 30. Nc5 Nxf3 31. Kxf3 Rd8 32. Ne4 Rxd3+ 33. Ke2
Rd5 34. Ra4 f5 35. Ng5+ Kg8 36. Ra8+ 1-0

[Event "Challenge"]
[Site "http://www.queenalice.com/game.php?id=1532681"]
[Date "2018.6.25"]
[Round "-"]
[White "cavaliernoir"]
[Black "Guilhermerocha"]
[Result "1-0"]
[WhiteElo "1449"]
[BlackElo "1611"]

1. d4 c5 2. Nf3 Nc6 3. e3 Nf6 4. dxc5 Qa5+ 5. Bd2 Qxc5 6. Nc3 e5 7. Na4 Qd5 8.
Bc3 e4 9. Nd4 a6 10. Nb6 Qc5 11. Nxa8 Nxd4 12. exd4 Qc6 13. Ba5 b5 14. Nb6 Bb7
15. Be2 b4 16. a3 bxa3 17. bxa3 Bd6 18. Nc4 Bf4 19. Bd2 Bc7 20. Ba5 Bb8 21. Bc3
Nd5 22. Qd2 Nxc3 23. Qxc3 d5 24. Qg3 Bxg3 25. Na5 Qc3+ 26. Kd1 1-0

[Event "Challenge"]
[Site "http://www.queenalice.com/game.php?id=1532682"]
[Date "2018.6.25"]
[Round "-"]
[White "Guilhermerocha"]
[Black "vangogh"]
[Result "1-0"]
[WhiteElo "1707"]
[BlackElo "1550"]

1. e4 e5 2. Bc4 Nf6 3. Qf3 Nc6 4. Ne2 Bc5 5. O-O O-O 6. Rd1 a6 7. c3 b5 8. Bb3
d6 9. d4 Bb6 10. Bg5 Bg4 11. Qe3 Bxe2 12. Qxe2 h6 13. Bxh6 gxh6 14. Rd3 h5 15.
Rg3+ Ng4 16. h3 1-0

[Event "Challenge"]
[Site "http://www.queenalice.com/game.php?id=1532683"]
[Date "2018.6.25"]
[Round "-"]
[White "vangogh"]
[Black "Guilhermerocha"]
[Result "1-0"]
[WhiteElo "1495"]
[BlackElo "1625"]

1. e4 d5 2. e5 Nc6 3. Bb5 a6 4. Bxc6+ bxc6 5. d4 e6 6. f4 c5 7. b3 Bb7 8. Ba3
cxd4 9. Qxd4 Bxa3 10. Nxa3 Ne7 11. Nf3 Nc6 12. Qa4 O-O 13. O-O Qd7 14. Rad1 Nxe5
15. Nxe5 Qxa4 16. bxa4 Rfd8 17. c4 g6 18. c5 c6 19. a5 f6 20. Ng4 Rf8 21. Rde1
Bc8 22. Nc2 e5 23. fxe5 f5 24. Nf6+ Kg7 25. Nb4 Bb7 26. Nd7 Rfd8 27. e6 Bc8 28.
Nxc6 Re8 29. Nb6 Bb7 30. Nb4 Re7 31. Nxa8 Bxa8 32. c6 Kf6 33. Nxd5+ 1-0

[Event "Challenge"]
[Site "http://www.queenalice.com/game.php?id=1532743"]
[Date "2018.6.26"]
[Round "-"]
[White "Guilhermerocha"]
[Black "gruppodilavoro"]
[Result "0-1"]
[WhiteElo "1653"]
[BlackElo "1771"]

1. e4 e5 2. Nf3 Nf6 3. Nxe5 Qe7 4. d4 d6 5. Ng4 Bxg4 6. f3 Be6 7. Bg5 h6 8. Bf4
d5 9. e5 Nh5 10. Be3 Qb4+ 11. Nc3 Qxb2 12. Rb1 Qxc3+ 13. Bd2 Qxd4 14. Rxb7 Bc5
15. Qe2 Bc8 16. Qb5+ Nd7 17. Qe2 Bxb7 18. e6 Qa1+ 0-1

[Event "Challenge"]
[Site "http://www.queenalice.com/game.php?id=1532745"]
[Date "2018.6.26"]
[Round "-"]
[White "Guilhermerocha"]
[Black "korchnoi"]
[Result "0-1"]
[WhiteElo "1717"]
[BlackElo "1929"]

1. g3 d5 2. Bg2 e5 3. d3 Nc6 4. Nf3 Nf6 5. Bg5 Be7 6. O-O Be6 7. Nbd2 h6 8. Bxf6
Bxf6 9. Re1 Qe7 10. e4 d4 11. c3 O-O-O 12. Qa4 Kb8 13. Nb3 g5 14. Nfd2 dxc3 15.
bxc3 Rxd3 16. Bf1 Bxb3 17. axb3 Rxd2 18. Ba6 Qc5 19. Re3 bxa6 20. Qxa6 Qb6 21.
Qc4 Rf8 22. Ra6 Qxb3 23. Qxc6 Be7 24. c4 Qb1+ 25. Kg2 f5 26. Rea3 fxe4 27. Qb5+
Qxb5 28. cxb5 Rfxf2+ 29. Kh3 Rxh2+ 30. Kg4 Bc5 0-1

[Event "Challenge"]
[Site "http://www.queenalice.com/game.php?id=1532791"]
[Date "2018.6.27"]
[Round "-"]
[White "Guilhermerocha"]
[Black "betofortaleza"]
[Result "0-1"]
[WhiteElo "1661"]
[BlackElo "1868"]

1. g3 e5 2. Bg2 d5 3. d3 d4 4. Nf3 Nc6 5. e3 dxe3 6. fxe3 Bg4 7. h3 Bxf3 8. Qxf3
Qd7 9. Nd2 Bd6 10. Nc4 Bb4+ 11. Nd2 O-O-O 12. O-O Nf6 13. a3 Bc5 14. Nb3 Bb6 15.
Kh2 h5 16. d4 exd4 17. Rd1 Qe6 18. Rd3 Ng4+ 19. hxg4 hxg4+ 20. Bh3 gxf3 0-1